• 首页
  • 本馆介绍
  • 公告通知
  • 最新文献
  • 馆藏检索
  • 电子资源
  • 读者导购
  • 参考咨询
  • 我的图书馆
  • 登录
  • 详细信息显示
  • 放入我的书架
  • 预约/预借图书
  • 作者相关作品
  • 分类相关作品
  • 丛书相关作品
  • 出版社相关作品

书目信息

  • 表格格式
  • 工作单格式
  • 卡片格式
题名:
生物膜与生物能
    
 
作者: 香川靖雄 著 ;蓝书成 , 奚惕 译
分册:  
出版信息: 北京   科学出版社  1986
页数: 168页
开本: 19cm
丛书名:
单 册:
中图分类: Q73
科图分类:
主题词: 生物膜 , 生物能
电子资源:
ISBN:
000 00746nam0 2200277 45
001 0186010050
005 20040701152503.8
010    @dCNY1.05
091    @a13031.3241
100    @a19901010d1986 em y0chiy0121 ea
101 1  @achi@cjpn
102    @aCN@b110000
105    @ay z 000yy
106    @ar
200 10 @a生物膜与生物能@Asheng wu mo yu sheng wu neng@f(日)香川靖雄著@g蓝书成,奚惕译
210    @a北京@c科学出版社@d1986
215    @a168页@d19cm
606    @a生物膜
606    @a生物能
690    @aQ73@v3
701  0 @a香川靖雄@Axiang chuan jing xiong@4著
702  0 @a蓝书成@Alan shu cheng@4译
702  0 @a奚惕@Axi ti@4译
801  0 @aCN@b深圳图书馆@c20040525
801  2 @aCN@bNLC@c20040525
905    @dQ73@e8@f1@b163598
    
    生物膜与生物能/(日)香川靖雄著/蓝书成,奚惕译.-北京:科学出版社,1986
    168页;19cm
    
    
    ISBN :CNY1.05
    
●
相关链接 在E读中查询图书 在五车中查询图书 在当当中查询图书 在豆瓣中查询图书


正题名:生物膜与生物能     索取号:Q73/8         预约/预借

序号 登录号 条形码 馆藏地/架位号 状态 备注
1 0163598   001941787   第三借阅区/ [索取号:Q73/8] 在馆    
2 0163599   000703484   第三借阅区/ [索取号:Q73/8] 在馆    
3 0163600   202107978   第二样本阅览室/ [索取号:Q73/8] 在馆    
唐山师范学院图书馆 欢迎您!
大连网信软件有限公司© 版权所有